| 000 | 01724nam a2200469 c 4500 | ||
|---|---|---|---|
| 999 |
_c50633 _d50633 |
||
| 001 | 50633 | ||
| 003 | ES-MaCES | ||
| 005 | 20240131040004.0 | ||
| 008 | 180403s2018 sp 000 ||spa d | ||
| 017 |
_aNA 194-2018 _bDL |
||
| 020 | _a9788491774068 | ||
| 040 |
_aES-MaCES _bspa _cES-MaCES |
||
| 245 | 0 | 0 |
_aTrabajo, género e igualdad _b: un estudio jurídico-laboral tras diez años de la aprobación de la LO 3/2007 para la igualdad efectiva de mujeres y hombres _cAna María Romero Burillo (dir. y coord.) ; Cristina Rodríguez Orgaz (coord.) |
| 250 | _a1ª ed | ||
| 260 |
_aCizur Menor (Navarra) _bAranzadi-Thomson Reuters _c2018 |
||
| 300 |
_a552 p. _c24 cm |
||
| 490 | 1 | _aEstudios | |
| 504 | _aBibliografía | ||
| 541 | _cCompra | ||
| 610 | 1 | 7 |
_aEspaña _tLey orgánica para la igualdad efectiva de mujeres y hombres, 2007 _2 _93183 |
| 650 | 4 |
_atrabajo _928289 |
|
| 650 | 4 |
_amujeres _928657 |
|
| 650 | 4 |
_aigualdad de oportunidades _927183 |
|
| 650 | 4 |
_aigualdad de oportunidades en el empleo _930649 |
|
| 650 | 4 |
_acondiciones de trabajo _928327 |
|
| 650 | 4 |
_anegociación colectiva _928362 |
|
| 650 | 4 |
_aconciliación _927303 |
|
| 650 | 4 |
_afamilia _927318 |
|
| 650 | 4 |
_aacoso sexual _929555 |
|
| 650 | 4 |
_aEspaña _926964 |
|
| 650 | 4 |
_alegislación del trabajo _927166 |
|
| 650 | 4 |
_alegislación de seguridad social _929855 |
|
| 650 | 4 |
_a2007-2017 _938994 |
|
| 650 | 4 |
_acampo de aplicación _930263 |
|
| 650 | 4 |
_aderecho del trabajo _927165 |
|
| 653 | 1 | 0 | _aMujer |
| 700 | 1 |
_922571 _aRomero Burillo, Ana María _edir. y coord. |
|
| 700 | 1 |
_938993 _aRodríguez Orgaz, Cristina _ecoord. |
|
| 830 | 0 |
_aEstudios (Thomson Reuters-Aranzadi) _934937 |
|
| 902 | _aLIB Libro | ||
| 942 |
_2CES _cBK _h3.3. |
||